| 000 | 00526nam a2200169Ia 4500 | ||
|---|---|---|---|
| 008 | 100917s9999 xx 000 0 und d | ||
| 082 | _b5135 | ||
| 100 | _aदामले जोशी | ||
| 245 | _aकेवळ स्वराज्यासाठी | ||
| 260 |
_b--- _c1941 |
||
| 365 | _b0.5 | ||
| 520 | _aकादंबरी | ||
| 630 | _aकेवळ स्वराज्यासाठी | ||
| 650 | _aकादंबरी | ||
| 730 | _aकेवळ स्वराज्यासाठी | ||
| 942 | _cBOOK | ||
| 999 |
_c610529 _d610526 |
||